[Event "29. Torneo San Viator 2017 - Torneo B"]
[Site "Madrid ESP"]
[Date "2017.09.24"]
[Round "2.10"]
[White "Garcia Rojas, Juan Carlos"]
[Black "Castro Uceda, Jose Antonio"]
[Result "0-1"]
[WhiteElo "1470"]
[BlackElo "1636"]
[PlyCount "77"]
[EventDate "2017.09.17"]
[EventType "swiss"]
[EventRounds "9"]
[EventCountry "ESP"]
[SourceTitle "Ajedrez en Madrid"]
[Source "lmi"]
[SourceDate "2017.09.17"]

1. e4 c5 2. Nf3 d6 3. Bc4 e6 4. c3 d5 5. exd5 exd5 6. Bd3 Nc6 7. b3 Nf6 8. Bb2
d4 9. c4 Qe7+ 10. Qe2 Nb4 11. Kd1 Ng4 12. Re1 Nxd3 13. Qxe7+ Bxe7 14. Ba3 Nxe1
15. Kxe1 b6 16. h3 Nf6 17. Ne5 O-O 18. Kf1 Bd6 19. Nf3 Re8 20. d3 Bf5 21. Ne1
Re7 22. Nd2 Rae8 23. g4 Bg6 24. Ndf3 h5 25. g5 Nd7 26. Nh4 Ne5 27. f4 Nxd3 28.
Nef3 Nxf4 29. Nxg6 Nxg6 30. Bc1 h4 31. Bd2 Nf4 32. Nxh4 Nxh3 33. Nf5 Re6 34.
Nxd6 Rxd6 35. a3 Rg6 36. b4 Nxg5 37. bxc5 bxc5 38. Rb1 Rf6+ 39. Kg2 0-1

[Event "29. Torneo San Viator 2017 - Torneo B"]
[Site "Madrid ESP"]
[Date "2017.09.24"]
[Round "2.11"]
[White "Martin Claudio, Andres"]
[Black "Baranco Gonzalez, Nicolas"]
[Result "1-0"]
[WhiteElo "1633"]
[BlackElo "1455"]
[PlyCount "46"]
[EventDate "2017.09.17"]
[EventType "swiss"]
[EventRounds "9"]
[EventCountry "ESP"]
[SourceTitle "Ajedrez en Madrid"]
[Source "lmi"]
[SourceDate "2017.09.17"]

1. d4 d5 2. c4 dxc4 3. e3 e5 4. d5 Bb4+ 5. Nc3 Bxc3+ 6. bxc3 c6 7. Bxc4 Nf6 8.
dxc6 Qxd1+ 9. Kxd1 Nxc6 10. f3 O-O 11. Ne2 e4 12. f4 Na5 13. Bb3 Bg4 14. h3
Bxe2+ 15. Kxe2 Nh5 16. Rd1 Nxb3 17. axb3 Ng3+ 18. Kf2 Nf5 19. Rd7 g6 20. Rxb7
Rac8 21. c4 Rfd8 22. Raxa7 Rd3 23. Ra2 Rxb3 1-0

[Event "29. Torneo San Viator 2017 - Torneo B"]
[Site "Madrid ESP"]
[Date "2017.09.24"]
[Round "2.12"]
[White "Torrecillas Adan, Luis"]
[Black "Alcojor Patilla, Antonio"]
[Result "0-1"]
[WhiteElo "1466"]
[BlackElo "1618"]
[PlyCount "90"]
[EventDate "2017.09.17"]
[EventType "swiss"]
[EventRounds "9"]
[EventCountry "ESP"]
[SourceTitle "Ajedrez en Madrid"]
[Source "lmi"]
[SourceDate "2017.09.17"]

1. e4 d6 2. Nf3 Nf6 3. Nc3 g6 4. Bc4 Bg7 5. h3 O-O 6. O-O c5 7. d3 e6 8. a3 Nc6
9. Bg5 a6 10. Rb1 b5 11. Ba2 Bb7 12. Re1 Qc7 13. Qd2 Rfd8 14. Qf4 Qe7 15. Rbd1
b4 16. Nb1 Rd7 17. c3 Nh5 18. Qc1 f6 19. Bd2 bxc3 20. Bxc3 Bh8 21. g4 Ng7 22.
Qf4 Rf8 23. Nbd2 Ne5 24. Nxe5 fxe5 25. Qe3 Ne8 26. Nf3 Nc7 27. Ng5 Bf6 28. Nf3
Nb5 29. g5 Bg7 30. h4 Nd4 31. Bxd4 cxd4 32. Qe2 Rf4 33. Kh2 d5 34. exd5 Bxd5
35. Bxd5 exd5 36. Nxe5 Rxh4+ 37. Kg3 Qxg5+ 38. Ng4 Be5+ 39. f4 Bxf4+ 40. Kf2
Be3+ 41. Kg3 Rf7 42. Rh1 Bf2+ 43. Qxf2 Rxg4+ 44. Kh3 Qh5+ 45. Qh4 Qxh4# 0-1

[Event "29. Torneo San Viator 2017 - Torneo B"]
[Site "Madrid ESP"]
[Date "2017.09.24"]
[Round "2.13"]
[White "Amador Andujar, Alfredo"]
[Black "Haering Hijon, Javier"]
[Result "0-1"]
[WhiteElo "1610"]
[BlackElo "1344"]
[PlyCount "98"]
[EventDate "2017.09.17"]
[EventType "swiss"]
[EventRounds "9"]
[EventCountry "ESP"]
[SourceTitle "Ajedrez en Madrid"]
[Source "lmi"]
[SourceDate "2017.09.17"]

1. e4 e5 2. Nf3 Nf6 3. Bc4 Nc6 4. Nc3 Bc5 5. O-O d6 6. h3 O-O 7. d3 h6 8. Na4
Bb6 9. Nxb6 axb6 10. c3 Na5 11. Bb5 c6 12. Ba4 b5 13. Bc2 b6 14. Be3 Re8 15.
Qd2 Nb7 16. Rfd1 d5 17. exd5 Nxd5 18. c4 bxc4 19. dxc4 Nxe3 20. Qxe3 Qc7 21.
Rd2 f6 22. a3 Be6 23. Qe4 Kf8 24. Qh7 Bxc4 25. Qh8+ Kf7 26. Bg6+ Kxg6 27. Nh4+
Kf7 28. Qh7 Nd6 29. Rad1 Bd5 30. Rd3 Ra4 31. Rg3 Rg8 32. Ng6 Nf5 33. Rc3 Qb8
34. Re1 Re4 35. Rd1 Ne7 36. Rg3 Qe8 37. Nxe7 Kxe7 38. Rxg7+ Rxg7 39. Qxg7+ Ke6
40. Qxh6 Qg8 41. g3 Re2 42. b4 Ra2 43. Qe3 b5 44. h4 Qg4 45. Kh2 Qf3 46. Qxf3
Bxf3 47. Rd3 Rxf2+ 48. Kh3 f5 49. Rc3 Bg4# 0-1

[Event "29. Torneo San Viator 2017 - Torneo B"]
[Site "Madrid ESP"]
[Date "2017.09.24"]
[Round "2.14"]
[White "Fernandez Garcia, Emilio"]
[Black "Lavayen Torres, Leonardo"]
[Result "1/2-1/2"]
[WhiteElo "1579"]
[BlackElo "1342"]
[PlyCount "68"]
[EventDate "2017.09.17"]
[EventType "swiss"]
[EventRounds "9"]
[EventCountry "ESP"]
[SourceTitle "Ajedrez en Madrid"]
[Source "lmi"]
[SourceDate "2017.09.17"]

1. Nf3 Nf6 2. g3 g6 3. b3 Bg7 4. Bb2 O-O 5. c4 d6 6. Bg2 Nbd7 7. O-O a5 8. a3
Re8 9. d3 e5 10. Nbd2 Nh5 11. e4 Nc5 12. Qc2 f5 13. d4 exd4 14. Nxd4 fxe4 15.
Nxe4 Bxd4 16. Bxd4 Bf5 17. f3 Bxe4 18. fxe4 Qe7 19. Bxc5 dxc5 20. Rad1 Nf6 21.
e5 Qxe5 22. Bxb7 Rab8 23. Bd5+ Nxd5 24. Rxd5 Qe3+ 25. Qf2 Rxb3 26. Qxe3 Rbxe3
27. Rxc5 Rxa3 28. Rxc7 Ra2 29. c5 Ree2 30. Rd1 Rg2+ 31. Kf1 Rgf2+ 32. Kg1 Rg2+
33. Kf1 Rgf2+ 34. Kg1 Rg2+ 1/2-1/2

[Event "29. Torneo San Viator 2017 - Torneo B"]
[Site "Madrid ESP"]
[Date "2017.09.24"]
[Round "2.15"]
[White "Lopez Martin, Israel"]
[Black "Alameda Arellano, Cristeto"]
[Result "0-1"]
[WhiteElo "1444"]
[BlackElo "1577"]
[PlyCount "46"]
[EventDate "2017.09.17"]
[EventType "swiss"]
[EventRounds "9"]
[EventCountry "ESP"]
[SourceTitle "Ajedrez en Madrid"]
[Source "lmi"]
[SourceDate "2017.09.17"]

1. e4 c6 2. Nf3 d5 3. exd5 cxd5 4. d4 Nc6 5. c4 Nf6 6. cxd5 Nxd5 7. Bc4 e6 8.
O-O Be7 9. Nc3 a6 10. Nxd5 exd5 11. Bb3 Bg4 12. Be3 O-O 13. Rc1 Qd6 14. Kh1
Rad8 15. Bc2 f5 16. h3 Bh5 17. Rg1 f4 18. Bd2 Nxd4 19. g4 fxg3 20. Rxg3 Bxf3+
21. Rxf3 Nxf3 22. Bxh7+ Kxh7 23. Qc2+ Kg8 0-1

[Event "29. Torneo San Viator 2017 - Torneo B"]
[Site "Madrid ESP"]
[Date "2017.09.24"]
[Round "2.16"]
[White "Cortijo Manso, Luis"]
[Black "Soria Martinez, Daniel"]
[Result "0-1"]
[WhiteElo "1555"]
[BlackElo "1283"]
[PlyCount "112"]
[EventDate "2017.09.17"]
[EventType "swiss"]
[EventRounds "9"]
[EventCountry "ESP"]
[SourceTitle "Ajedrez en Madrid"]
[Source "lmi"]
[SourceDate "2017.09.17"]

1. Nf3 d5 2. c4 dxc4 3. Qa4+ Nc6 4. Qxc4 e5 5. g3 Be6 6. Qc2 Bd6 7. Bg2 Qd7 8.
O-O Nf6 9. Nc3 Nb4 10. Qd1 Bf5 11. d3 O-O 12. a3 Nc6 13. e4 Bg4 14. Qb3 Nd4 15.
Nxd4 exd4 16. Nd5 Nxd5 17. Qxd5 c5 18. e5 Be7 19. Qxd7 Bxd7 20. Bxb7 Rab8 21.
Be4 Rb3 22. a4 Bd8 23. Kg2 Re8 24. f4 Bg4 25. Bc6 Rf8 26. Bb5 Be2 27. Rf2 Bxd3
28. Rf3 Be4 29. Be2 Bxf3+ 30. Bxf3 Ba5 31. Bd5 Rd3 32. Rb1 Rd1 33. Bb3 Re1 34.
Kf2 Bd2 35. e6 Rxc1 36. exf7+ Kh8 37. Rxc1 Bxc1 38. Ke2 Bxb2 39. Kd3 Ba3 40. f5
h5 41. h3 Kh7 42. g4 hxg4 43. hxg4 Kh6 44. Ke4 Kg5 45. Bc4 Kxg4 46. Ke5 d3 47.
Kd6 d2 48. Be2+ Kf4 49. Ke7 c4+ 50. Ke6 c3 51. Bd1 Ke3 52. f6 g5 53. Kf5 Rxf7
54. Kxg5 Kd3 55. Kg6 Rf8 56. Kg7 c2 0-1

[Event "29. Torneo San Viator 2017 - Torneo B"]
[Site "Madrid ESP"]
[Date "2017.09.24"]
[Round "2.17"]
[White "Salgado Duarte, Pablo"]
[Black "Moreno Payo, Jesus"]
[Result "1-0"]
[WhiteElo "1549"]
[BlackElo "1094"]
[PlyCount "83"]
[EventDate "2017.09.17"]
[EventType "swiss"]
[EventRounds "9"]
[EventCountry "ESP"]
[SourceTitle "Ajedrez en Madrid"]
[Source "lmi"]
[SourceDate "2017.09.17"]

1. d4 d5 2. c4 e6 3. Nc3 Nf6 4. cxd5 exd5 5. a3 c6 6. Nf3 Be7 7. h3 O-O 8. Bf4
Bd6 9. Bg5 Be7 10. e3 Be6 11. Bd3 Nbd7 12. O-O Ne4 13. Bxe7 Nxc3 14. bxc3 Qxe7
15. Re1 Nf6 16. Qc2 h6 17. e4 Qd7 18. e5 Nh5 19. Nh2 Nf4 20. Bf1 Bf5 21. Qd2
Ne6 22. Bd3 Bxd3 23. Qxd3 f6 24. Nf3 b6 25. exf6 Rxf6 26. Ne5 Qd6 27. Re3 Nf4
28. Qa6 Ng6 29. Qb7 Qb8 30. Qxb8+ Rxb8 31. Nd7 Rff8 32. Nxb8 Rxb8 33. Rae1 Rb7
34. Re6 Nf4 35. Rxc6 b5 36. Re3 Ng6 37. Rc8+ Kh7 38. Rd8 Ne7 39. Kh2 h5 40. Rf8
Ng6 41. Rf5 Nf4 42. Rxf4 1-0

[Event "29. Torneo San Viator 2017 - Torneo B"]
[Site "Madrid ESP"]
[Date "2017.09.24"]
[Round "2.18"]
[White "Yeghiazaryan Petrosyan, Roberto"]
[Black "Lopez Nunez, Alonso"]
[Result "1/2-1/2"]
[WhiteElo "1285"]
[BlackElo "1549"]
[PlyCount "147"]
[EventDate "2017.09.17"]
[EventType "swiss"]
[EventRounds "9"]
[EventCountry "ESP"]
[SourceTitle "Ajedrez en Madrid"]
[Source "lmi"]
[SourceDate "2017.09.17"]

1. d4 Nf6 2. Nf3 e6 3. g3 b6 4. Bg2 Bb7 5. O-O c5 6. e3 Be7 7. c4 d6 8. Qc2
Nbd7 9. Nc3 Rc8 10. b3 cxd4 11. exd4 d5 12. Nd2 Ba6 13. Qd3 Bb4 14. Nb5 Bxb5
15. cxb5 Rc3 16. Qb1 Qc8 17. a3 Be7 18. Ra2 O-O 19. Nf3 Ne4 20. Be3 Nd6 21. Rc1
Nxb5 22. a4 Rxc1+ 23. Qxc1 Qxc1+ 24. Bxc1 Nd6 25. Rc2 Rc8 26. Rxc8+ Nxc8 27.
Kf1 Bf6 28. Bb2 Nb8 29. Ke2 Nd6 30. g4 Nc6 31. Ke3 Na5 32. Nd2 Nc6 33. Bc3 Kf8
34. f4 h6 35. h3 Nb7 36. Bf1 g5 37. fxg5 Bxg5+ 38. Kd3 Nba5 39. Kc2 Bxd2 40.
Bxd2 Nxd4+ 41. Kd3 Naxb3 42. Bxh6+ Kg8 43. Bf4 Nc6 44. Kc3 Nc5 45. Bb5 Na5 46.
h4 a6 47. Be2 Nxa4+ 48. Kb4 Nc5 49. Bd1 Nc6+ 50. Kc3 Ne4+ 51. Kb2 e5 52. Bc1 f6
53. h5 Nd4 54. Be3 Ne6 55. Bb3 N4c5 56. Bxd5 Kg7 57. Bxe6 Nxe6 58. Bxb6 Kh6 59.
Be3+ Nf4 60. Kc2 Kh7 61. Bd2 Ne6 62. Kc3 Nd4 63. Kd3 Nf3 64. Bc1 a5 65. Ke4 Nd4
66. g5 fxg5 67. Bxg5 a4 68. Bc1 Nc6 69. Kd5 Nb4+ 70. Ke4 Kg7 71. h6+ Kg6 72.
Ba3 Nc2 73. Bb2 Nb4 74. Ba3 1/2-1/2

[Event "29. Torneo San Viator 2017 - Torneo B"]
[Site "Madrid ESP"]
[Date "2017.09.24"]
[Round "2.19"]
[White "Ramirez Ocana, Eneas"]
[Black "Mora Marin, Guillermo"]
[Result "1/2-1/2"]
[WhiteElo "1385"]
[BlackElo "1656"]
[PlyCount "70"]
[EventDate "2017.09.17"]
[EventType "swiss"]
[EventRounds "9"]
[EventCountry "ESP"]
[SourceTitle "Ajedrez en Madrid"]
[Source "lmi"]
[SourceDate "2017.09.17"]

1. e4 e6 2. d4 d5 3. Nc3 dxe4 4. Nxe4 Nf6 5. Bg5 Be7 6. Ng3 O-O 7. Nf3 b6 8.
Be2 Bb7 9. O-O Nbd7 10. c3 h6 11. Bxf6 Nxf6 12. Ne5 c5 13. Bf3 Bxf3 14. Nxf3
Qc7 15. h3 Rad8 16. Qe2 Qb7 17. Rfd1 Nd5 18. Qe4 Qc7 19. Rac1 cxd4 20. cxd4 Qb8
21. Ne5 Nf6 22. Qf3 Rd5 23. Nc6 Qb7 24. Nxe7+ Qxe7 25. Rc4 Rfd8 26. Ne2 R5d6
27. Rdc1 Nd5 28. Nf4 Qg5 29. Nxd5 Rxd5 30. Rc7 Rxd4 31. Qxf7+ Kh8 32. Re1 Rd1
33. Rxd1 Rxd1+ 34. Kh2 Qe5+ 35. g3 Rd8 1/2-1/2

[Event "29. Torneo San Viator 2017 - Torneo B"]
[Site "Madrid ESP"]
[Date "2017.09.24"]
[Round "2.20"]
[White "Garcia Prada, Guillermo"]
[Black "Marcelo De La Mata, Daniel"]
[Result "1-0"]
[WhiteElo "1375"]
[BlackElo "1641"]
[PlyCount "111"]
[EventDate "2017.09.17"]
[EventType "swiss"]
[EventRounds "9"]
[EventCountry "ESP"]
[SourceTitle "Ajedrez en Madrid"]
[Source "lmi"]
[SourceDate "2017.09.17"]

1. e4 c6 2. Nf3 d5 3. Nc3 dxe4 4. Nxe4 Bf5 5. Ng3 Bg6 6. h4 h6 7. Ne5 Bh7 8.
Qh5 g6 9. Qf3 Nf6 10. Qb3 Nd5 11. Qxb7 Qb6 12. Qc8+ Qd8 13. Qxd8+ Kxd8 14.
Nxf7+ Ke8 15. Nxh8 Bg7 16. Bd3 Bxh8 17. O-O Nb4 18. Be4 h5 19. Nxh5 gxh5 20.
Bxh7 Nd7 21. a3 Nd5 22. Bg6+ Kd8 23. Bxh5 Rb8 24. c3 Nf4 25. Bf3 c5 26. Rb1 Nd3
27. Be4 Nf4 28. Re1 Nf6 29. Bf5 N4d5 30. g4 Ne8 31. Be4 Nb6 32. f3 Nd6 33. b4
Nxe4 34. Rxe4 Nd5 35. Bb2 cxb4 36. cxb4 Bxb2 37. Rxb2 Kd7 38. Kf2 Kd6 39. Rc2
Rb5 40. Rd4 e5 41. Rd3 Ke6 42. Rc5 Nxb4 43. axb4 Rxb4 44. Rc6+ Kf7 45. Rd7+ Ke8
46. Rxa7 Rb5 47. Rc3 Rd5 48. Re3 Rd8 49. d4 Rxd4 50. Rxe5+ Kd8 51. Raa5 Rd2+
52. Kg3 Rb2 53. h5 Kd7 54. h6 Rb6 55. h7 Rh6 56. Rh5 1-0

[Event "29. Torneo San Viator 2017 - Torneo B"]
[Site "Madrid ESP"]
[Date "2017.09.24"]
[Round "2.21"]
[White "Benitez Cadenas, Luis Miguel"]
[Black "Caparros Armand, M Isabel"]
[Result "0-1"]
[WhiteElo "1584"]
[BlackElo "1293"]
[PlyCount "72"]
[EventDate "2017.09.17"]
[EventType "swiss"]
[EventRounds "9"]
[EventCountry "ESP"]
[SourceTitle "Ajedrez en Madrid"]
[Source "lmi"]
[SourceDate "2017.09.17"]

1. d4 d5 2. Nf3 Nf6 3. e3 Bf5 4. c4 e6 5. Qb3 Qc8 6. Nc3 c6 7. Be2 Be7 8. Bd2
Nbd7 9. Nh4 Be4 10. f3 dxc4 11. Bxc4 Bd5 12. Nxd5 Nxd5 13. g3 N7b6 14. Bd3 Bxh4
15. gxh4 Qd8 16. O-O-O Qxh4 17. Rdg1 O-O 18. Rg4 Qe7 19. Rhg1 g6 20. e4 Nf6 21.
Bg5 e5 22. f4 exd4 23. Bxf6 Qxf6 24. f5 Kh8 25. e5 Qxe5 26. fxg6 hxg6 27. Kb1
Qxh2 28. R4g3 Rae8 29. Qd1 Kg7 30. Bxg6 fxg6 31. Rxg6+ Kf7 32. Rg7+ Ke6 33.
R1g6+ Kd5 34. Qb3+ Nc4 35. Rg5+ Re5 36. Qf3+ Rxf3 0-1

[Event "29. Torneo San Viator 2017 - Torneo B"]
[Site "Madrid ESP"]
[Date "2017.09.24"]
[Round "2.22"]
[White "Estebaran Rodriguez, Guillermo"]
[Black "Comeron Galan, Daniel"]
[Result "0-1"]
[WhiteElo "1176"]
[BlackElo "1576"]
[PlyCount "64"]
[EventDate "2017.09.17"]
[EventType "swiss"]
[EventRounds "9"]
[EventCountry "ESP"]
[SourceTitle "Ajedrez en Madrid"]
[Source "lmi"]
[SourceDate "2017.09.17"]

1. e4 d6 2. d4 Nf6 3. Nc3 Nbd7 4. Nf3 e5 5. dxe5 dxe5 6. Bd3 Be7 7. O-O O-O 8.
Nd5 Nxd5 9. exd5 Bf6 10. c4 Re8 11. b3 e4 12. Bxe4 Rxe4 13. Re1 Rxe1+ 14. Qxe1
Bxa1 15. Nh4 Nf6 16. Bg5 Bb2 17. Nf3 Bg4 18. Nd2 Qe8 19. Qf1 Qe2 20. Qxe2 Bxe2
21. Bxf6 Bxf6 22. Ne4 Re8 23. Nd2 Bd3 24. h3 Re1+ 25. Kh2 Be5+ 26. g3 Re2 27.
Nf3 Rxf2+ 28. Kg1 Rxf3 29. Kh1 Be4 30. Kg1 Bd4+ 31. Kh2 Rf1 32. g4 Be5# 0-1

[Event "29. Torneo San Viator 2017 - Torneo B"]
[Site "Madrid ESP"]
[Date "2017.09.24"]
[Round "2.23"]
[White "Ramirez Nebot, Eneas"]
[Black "Garcia Martin, Javier"]
[Result "0-1"]
[WhiteElo "1097"]
[BlackElo "1532"]
[PlyCount "80"]
[EventDate "2017.09.17"]
[EventType "swiss"]
[EventRounds "9"]
[EventCountry "ESP"]
[SourceTitle "Ajedrez en Madrid"]
[Source "lmi"]
[SourceDate "2017.09.17"]

1. e4 c5 2. Nf3 d6 3. d4 cxd4 4. Nxd4 Nf6 5. Nc3 a6 6. Bg5 e6 7. f4 Be7 8. Qf3
Qc7 9. O-O-O O-O 10. g4 Nc6 11. Bxf6 Bxf6 12. Nxc6 Qxc6 13. Rd3 b5 14. Qh3 Bxc3
15. Rxc3 Qxe4 16. Bd3 Qxh1+ 17. Kd2 g6 18. Be2 Bb7 19. Qh4 Kg7 20. Rh3 Rh8 21.
f5 Qd5+ 22. Bd3 exf5 23. gxf5 Qg2+ 24. Be2 Qd5+ 25. Bd3 Qe5 26. Re3 Qf6 27. Qh3
Rae8 28. Rg3 Be4 29. Qg4 Bxd3 30. Rxd3 Rd8 31. h4 Qxf5 32. Qd4+ Qf6 33. Qg4 h5
34. Qg3 Rhe8 35. c3 Re4 36. Rf3 Qe5 37. Qf2 Rd7 38. b4 Re7 39. Kd3 Qd5+ 40.
Qd4+ Rxd4+ 0-1

[Event "29. Torneo San Viator 2017 - Torneo B"]
[Site "Madrid ESP"]
[Date "2017.09.24"]
[Round "2.24"]
[White "Fernandez Rodriguez, Alberto"]
[Black "Otero Gumiel, Monica"]
[Result "1-0"]
[WhiteElo "1520"]
[BlackElo "1041"]
[PlyCount "159"]
[EventDate "2017.09.17"]
[EventType "swiss"]
[EventRounds "9"]
[EventCountry "ESP"]
[SourceTitle "Ajedrez en Madrid"]
[Source "lmi"]
[SourceDate "2017.09.17"]

1. c4 e5 2. g3 Nf6 3. Bg2 d6 4. d3 h6 5. Nc3 Nc6 6. Nf3 Be6 7. O-O Be7 8. a3 a5
9. b3 d5 10. Qc2 dxc4 11. dxc4 O-O 12. Rd1 Qe8 13. Bb2 Rd8 14. Ne4 Rxd1+ 15.
Rxd1 Qc8 16. Nxf6+ Bxf6 17. Nd2 Rd8 18. Ne4 Rxd1+ 19. Qxd1 Bf5 20. Nxf6+ gxf6
21. Bc1 Kg7 22. Be3 Ne7 23. Qd2 b6 24. Bxh6+ Kh7 25. Be3 Bg6 26. Qc3 Nf5 27.
Be4 Qd7 28. Qd3 Qxd3 29. Bxd3 Nxe3 30. Bxg6+ Kxg6 31. fxe3 Kf5 32. Kf2 Kg4 33.
Kg2 c5 34. h3+ Kf5 35. Kf3 e4+ 36. Kg2 Kg5 37. Kf2 f5 38. Ke1 Kf6 39. Kd2 Ke5
40. Kc3 Ke6 41. b4 a4 42. b5 Kf6 43. Kd2 Kg5 44. Ke1 Kh5 45. Kf2 Kg5 46. Kg2 f6
47. h4+ Kg4 48. Kh2 Kh5 49. Kh3 Kg6 50. g4 fxg4+ 51. Kxg4 f5+ 52. Kf4 Kf6 53.
h5 Ke6 54. h6 Kf6 55. h7 Kg7 56. h8=Q+ Kxh8 57. Kxf5 Kg7 58. Kxe4 Kf6 59. Kd5
Kf5 60. Kc6 Ke4 61. Kxb6 Kxe3 62. Kxc5 Kxe2 63. b6 Kd3 64. Kb4 Kd4 65. b7 Ke5
66. b8=Q+ Ke6 67. Qd8 Kf5 68. Qe8 Kf4 69. Kc5 Kf5 70. Kd6 Kf4 71. Kd5 Kf3 72.
Kd4 Kf2 73. Kd3 Kf3 74. Qf8+ Kg4 75. Ke3 Kg5 76. Ke4 Kg6 77. Ke5 Kg5 78. Qg8+
Kh4 79. Kf4 Kh3 80. Qg3# 1-0

[Event "29. Torneo San Viator 2017 - Torneo B"]
[Site "Madrid ESP"]
[Date "2017.09.24"]
[Round "2.28"]
[White "Arce Escobedo, Julio"]
[Black "Crespo Gomez, Ruben"]
[Result "1/2-1/2"]
[WhiteElo "1671"]
[BlackElo "1204"]
[PlyCount "100"]
[EventDate "2017.09.17"]
[EventType "swiss"]
[EventRounds "9"]
[EventCountry "ESP"]
[SourceTitle "Ajedrez en Madrid"]
[Source "lmi"]
[SourceDate "2017.09.17"]

1. e4 e6 2. d4 d5 3. e5 c5 4. c3 Qb6 5. Nf3 Nc6 6. a3 a5 7. Be2 Nh6 8. O-O Nf5
9. dxc5 Bxc5 10. b3 Bd7 11. Bb2 d4 12. cxd4 Ncxd4 13. Nxd4 Nxd4 14. Bc4 O-O 15.
Nc3 Bc6 16. Ne2 Rfd8 17. Nxd4 Bxd4 18. Bxd4 Rxd4 19. Qh5 Bd5 20. Rac1 Qc6 21.
Bd3 g6 22. Qe2 Qd7 23. Rc3 Bc6 24. Bb1 Rd8 25. h3 Bb5 26. Rc4 Bxc4 27. bxc4 Rd1
28. Be4 Rxf1+ 29. Kxf1 Qd1+ 30. Qe1 Qxe1+ 31. Kxe1 b6 32. Ke2 Rd4 33. Bd3 Kf8
34. Ke3 Rd8 35. g4 h6 36. f4 Rb8 37. h4 h5 38. gxh5 gxh5 39. Be2 Kg7 40. Bxh5
Rh8 41. Bf3 Rxh4 42. a4 Rh2 43. Bc6 Kf8 44. Kd4 Rf2 45. Ke3 Rc2 46. Kd3 Rc1 47.
Kd4 Ke7 48. Kd3 Kf8 49. Bb5 Ke7 50. Ke4 Re1+ 1/2-1/2

[Event "29. Torneo San Viator 2017 - Torneo B"]
[Site "Madrid ESP"]
[Date "2017.09.24"]
[Round "2.29"]
[White "Arias Cusio, Oscar"]
[Black "Cuadrado Carmona, Javier"]
[Result "1-0"]
[WhiteElo "1655"]
[BlackElo "1195"]
[PlyCount "81"]
[EventDate "2017.09.17"]
[EventType "swiss"]
[EventRounds "9"]
[EventCountry "ESP"]
[SourceTitle "Ajedrez en Madrid"]
[Source "lmi"]
[SourceDate "2017.09.17"]

1. e4 e5 2. Nf3 Nc6 3. Bb5 a6 4. Ba4 Nf6 5. d3 b5 6. Bb3 Bc5 7. O-O O-O 8. Bg5
h6 9. Bh4 d6 10. Nc3 g5 11. Bg3 Bg4 12. Ne2 Bxf3 13. gxf3 Qd7 14. Kg2 d5 15.
Bxd5 Nxd5 16. exd5 Qxd5 17. Nc3 Qe6 18. Re1 Qf6 19. Re4 Rfe8 20. h4 Re6 21.
hxg5 hxg5 22. Rg4 Kf8 23. Ne4 Qe7 24. Nxg5 Rg6 25. Qh1 Qd6 26. Qh7 Rg7 27. Qh8+
Rg8 28. Nh7+ Ke7 29. Rxg8 Rxg8 30. Qxg8 Qd4 31. c3 Qd5 32. Bh4+ Kd6 33. Re1
Qxa2 34. Qf8+ Ke6 35. Qxc5 Qd5 36. Ng5+ Kd7 37. Qxd5+ Kc8 38. Qxc6 b4 39. Rxe5
Kb8 40. Re8+ Ka7 41. Ra8# 1-0

[Event "29. Torneo San Viator 2017 - Torneo B"]
[Site "Madrid ESP"]
[Date "2017.09.24"]
[Round "2.30"]
[White "Garcia Pumarega, Cesar"]
[Black "Correas Aguilera, Eufemio"]
[Result "0-1"]
[WhiteElo "1167"]
[BlackElo "1621"]
[PlyCount "110"]
[EventDate "2017.09.17"]
[EventType "swiss"]
[EventRounds "9"]
[EventCountry "ESP"]
[SourceTitle "Ajedrez en Madrid"]
[Source "lmi"]
[SourceDate "2017.09.17"]

1. e4 d5 2. exd5 Qxd5 3. Nc3 Qa5 4. b4 Qxb4 5. Rb1 Qd6 6. Nf3 Nf6 7. Bc4 a6 8.
O-O e6 9. d3 Be7 10. Bg5 O-O 11. Bxf6 Bxf6 12. Ne4 Qe7 13. d4 b5 14. Bd3 Nd7
15. Re1 Nb6 16. Ne5 Bxe5 17. dxe5 Bb7 18. Ng3 Rad8 19. Qg4 h6 20. Nh5 Qg5 21.
Qxg5 hxg5 22. Re3 Nd7 23. Ng3 Nc5 24. Kf1 Rd4 25. Ne2 Rd7 26. Rh3 Nxd3 27. Rxd3
Rfd8 28. Rbd1 Rxd3 29. Rxd3 Rxd3 30. cxd3 f6 31. f4 Bd5 32. a3 gxf4 33. Nc3
fxe5 34. Kf2 Kf7 35. g3 fxg3+ 36. hxg3 c5 37. Ke3 Ke7 38. Nb1 Kd6 39. g4 b4 40.
axb4 cxb4 41. Kd2 Ba2 42. Nc3 bxc3+ 43. Kxc3 a5 44. g5 a4 45. d4 exd4+ 46. Kb2
Bb3 47. g6 d3 48. Kc3 e5 49. Kb4 d2 50. Kc3 d1=Q 51. Kb4 Qc1 52. Kb5 Qc5+ 53.
Ka6 Qb4 54. Ka7 Kc6 55. Ka8 Qb7# 0-1

[Event "29. Torneo San Viator 2017 - Torneo B"]
[Site "Madrid ESP"]
[Date "2017.09.24"]
[Round "2.31"]
[White "Mateos Cordero, Francisco"]
[Black "Perez Ramos, Miguel Angel"]
[Result "1-0"]
[WhiteElo "1618"]
[BlackElo "1163"]
[PlyCount "57"]
[EventDate "2017.09.17"]
[EventType "swiss"]
[EventRounds "9"]
[EventCountry "ESP"]
[SourceTitle "Ajedrez en Madrid"]
[Source "lmi"]
[SourceDate "2017.09.17"]

1. d4 d5 2. c4 Nf6 3. Nc3 e6 4. Nf3 Bd7 5. e3 Bb4 6. Bd2 O-O 7. Be2 a6 8. cxd5
exd5 9. O-O Bxc3 10. Bxc3 Qe8 11. Bb4 Bb5 12. Bxf8 Qxf8 13. Bxb5 axb5 14. Qc2
c6 15. Nd2 Nbd7 16. a3 Nb6 17. Rfe1 Qd6 18. e4 dxe4 19. Nxe4 Qxd4 20. Rad1 Qc4
21. Nxf6+ gxf6 22. Qf5 Nd5 23. Re4 Qc5 24. Rh4 Kf8 25. Rxh7 Ke7 26. Re1+ Kd6
27. Rxf7 Ne7 28. Re6+ Kd7 29. Rexe7+ 1-0

[Event "29. Torneo San Viator 2017 - Torneo B"]
[Site "Madrid ESP"]
[Date "2017.09.24"]
[Round "2.32"]
[White "Serrano Ruiz, Lope"]
[Black "Moreno Gallardo, Sergio"]
[Result "1-0"]
[WhiteElo "1521"]
[BlackElo "1106"]
[PlyCount "61"]
[EventDate "2017.09.17"]
[EventType "swiss"]
[EventRounds "9"]
[EventCountry "ESP"]
[SourceTitle "Ajedrez en Madrid"]
[Source "lmi"]
[SourceDate "2017.09.17"]

1. e4 e5 2. Nf3 Nc6 3. Bb5 Bc5 4. Nxe5 Bxf2+ 5. Kxf2 Qf6+ 6. Nf3 Nd4 7. Be2 d6
8. c3 Nxe2 9. Qxe2 Bd7 10. d4 O-O-O 11. Bg5 Qe6 12. Bxd8 Kxd8 13. Rf1 Nf6 14.
Nbd2 Re8 15. Ng5 Ng4+ 16. Kg1 Re7 17. Nxe6+ Bxe6 18. h3 Nf6 19. Rxf6 gxf6 20.
Qh5 Re8 21. d5 Bd7 22. Qxf7 Kc8 23. Rf1 b6 24. Rxf6 Kd8 25. Qxh7 a6 26. h4 Kc8
27. Rf7 Rd8 28. Nb3 a5 29. Nd4 Kb7 30. Rxd7 Rxd7 31. Qxd7 1-0

[Event "29. Torneo San Viator 2017 - Torneo B"]
[Site "Madrid ESP"]
[Date "2017.09.24"]
[Round "2.33"]
[White "Del Noval Nemeshazi, Mario"]
[Black "Majer Nunez, Chistian"]
[Result "1-0"]
[WhiteElo "1416"]
[BlackElo "1166"]
[PlyCount "49"]
[EventDate "2017.09.17"]
[EventType "swiss"]
[EventRounds "9"]
[EventCountry "ESP"]
[SourceTitle "Ajedrez en Madrid"]
[Source "lmi"]
[SourceDate "2017.09.17"]

1. e4 d5 2. exd5 Qxd5 3. Nc3 Qc6 4. Bb5 Bd7 5. Bxc6 Bxc6 6. Nf3 e6 7. d3 Nf6 8.
Bf4 Na6 9. Qe2 Bb4 10. O-O Bxc3 11. bxc3 Nd5 12. Bd2 O-O 13. Nd4 Bd7 14. Qg4
Rad8 15. Bh6 g6 16. Bxf8 Kxf8 17. Qh4 Re8 18. Rfe1 Nxc3 19. Re3 c5 20. Nb3 Nd5
21. Rf3 Bc6 22. Na5 Ba4 23. c4 Nc3 24. Qf6 Re7 25. Qh8# 1-0